Nuevas tendencias historiográficas e historia local en España : (Record no. 196011)

MARC details
000 -LEADER
campo de control de longitud fija 01532nam a2200373 i 4500
001 - NÚMERO DE CONTROL
campo de control 196011
003 - IDENTIFICADOR DE NÚMERO DE CONTROL
campo de control ES-MaACL
005 - FECHA Y HORA DE LA ÚLTIMA TRANSACCIÓN
campo de control 20250826062534.0
008 - DATOS DE LONGITUD FIJA--INFORMACIÓN GENERAL
campo de control de longitud fija 240809s2001 sp 000 0 spa d
017 ## - NÚMERO DE COPYRIGHT O DE DEPÓSITO LEGAL
Número de copyright o de depósito legal HU 268-2001
020 ## - NÚMERO INTERNACIONAL ESTÁNDAR DEL LIBRO
Número Internacional Estándar del Libro 8481271128
035 ## - NÚMERO DE CONTROL DEL SISTEMA
Número de control de sistema CSIC000924562
035 ## - NÚMERO DE CONTROL DEL SISTEMA
Número de control de sistema (ES-MaCSI)000924562MAD01-Aleph
035 ## - NÚMERO DE CONTROL DEL SISTEMA
Número de control de sistema (OCoLC)1025104419
035 ## - NÚMERO DE CONTROL DEL SISTEMA
Número de control de sistema 990009245620204201
040 ## - FUENTE DE CATALOGACIÓN
Centro catalogador/agencia de origen ES-MaCSI
Lengua de catalogación spa
Centro/agencia transcriptor ES-MaACL
080 ## - NÚMERO DE LA CLASIFICACIÓN DECIMAL UNIVERSAL
Número de la Clasificación Decimal Universal 94(460)"18/19"(063)
111 2# - ENTRADA PRINCIPAL--NOMBRE DE CONGRESO/REUNIÓN
Nombre de congreso/reunión o jurisdicción como elemento de entrada Congreso de Historia Local de Aragón
Número del congreso/reunión o número de parte o sección (2º.
Fecha del congreso o de la firma del tratado 1999.
Sede del congreso/Lugar de la reunión Huesca)
9 (RLIN) 237975
245 10 - MENCIÓN DEL TÍTULO
Título Nuevas tendencias historiográficas e historia local en España :
Resto del título actas del II Congreso de Historia Local de Aragón (Huesca, 7 al 9 de julio de 1999) /
Mención de responsabilidad, etc. Carmen Frías Corredor y Miguel Ángel Ruiz Carnicer (coordinadores).
260 ## - PUBLICACIÓN, DISTRIBUCIÓN, ETC.
Lugar de publicación, distribución, etc. Huesca :
Nombre del editor, distribuidor, etc. Instituto de Estudios Altoaragoneses,
Fecha de publicación, distribución, etc. 2001.
300 ## - DESCRIPCIÓN FÍSICA
Extensión 557 p. ;
Dimensiones 24 cm.
336 ## - TIPO DE CONTENIDO
Fuente rdacontent
Término de tipo de contenido texto
337 ## - TIPO DE MEDIO
Fuente rdamedia
Nombre/término del tipo de medio sin mediación
338 ## - TIPO DE SOPORTE
Fuente rdacarrier
Nombre/término del tipo de soporte volumen
651 #0 - PUNTO DE ACCESO ADICIONAL DE MATERIA--NOMBRE GEOGRÁFICO
Nombre geográfico España-
Subdivisión general Historia local-
Subdivisión de forma Congresos y asambleas
9 (RLIN) 240035
655 #0 - TERMINO DE INDIZACIÓN--GENERO/FORMA
Datos o término principal de género/forma Conferencias
9 (RLIN) 234444
700 1# - ENTRADA AGREGADA--NOMBRE PERSONAL
Nombre de persona Frías Corredor, Carmen
9 (RLIN) 237977
700 1# - ENTRADA AGREGADA--NOMBRE PERSONAL
Nombre de persona Ruiz Carnicer, Miguel Ángel
9 (RLIN) 138549
852 ## - LOCALIZACIÓN
Ubicación ES-MaACL
Sublocalización o colección R.153025
Ubicación en estantería Depósito J
Número de control de estantería N-9131
Donativo/Legado Donación: Editorial
Encuadernación Encuadernación: rústica
itemnumber 205021
942 ## - ELEMENTOS DE ENTRADA SECUNDARIOS (KOHA)
Tipo de ítem Koha Libro impreso
Suprimir en OPAC No
954 ## - CATALOGADOR -ALTA REGISTRO
Estado de la copia Tatiana Alejandra de Castro Pérez
Holdings
Estatus retirado Estado de pérdida Fuente del sistema de clasificación o colocación Estado de daño No para préstamo Biblioteca de origen Biblioteca actual Ubicación en estantería Fecha de adquisición Fuente de adquisición Total de préstamos Signatura topográfica completa Código de barras Visto por última vez Precio de reemplazo Tipo de ítem Koha
    Clasificación decimal universal     Biblioteca del Ateneo de Madrid Biblioteca del Ateneo de Madrid Depósito J 14/04/2025 Donación   N-9131 101229868 14/04/2025 14/04/2025 Libro impreso